[Event "HUN-chT2 Barcza 1819"]
[Site "Hungary"]
[Date "2018.12.02"]
[Round "5.2"]
[White "Barva, Attila"]
[Black "Bunda, Viktor"]
[Result "1-0"]
[WhiteElo "2371"]
[BlackElo "2292"]
[PlyCount "63"]
[EventDate "2018.09.23"]
[EventType "team-tourn"]
[EventRounds "11"]
[EventCountry "HUN"]
[SourceTitle "CBM 189 Extra"]
[Source "ChessBase"]
[SourceDate "2019.06.03"]
[SourceVersion "1"]
[SourceVersionDate "2019.06.03"]
[SourceQuality "1"]
[WhiteTeam "Edeleny"]
[BlackTeam "Szirmabesenyo"]
[WhiteTeamCountry "HUN"]
[BlackTeamCountry "HUN"]

1. d4 d5 2. Bf4 Nf6 3. e3 e6 4. Nd2 c5 5. c3 Nc6 6. Ngf3 cxd4 7. exd4 Bd6 8. Bg3 0-0 9. Bd3 Re8 10. Ne5 Qc7 11. f4 g6 12. h4 Nh5 13. Bh2 f5 14. g4 Nf6 15. h5 Bxe5 16. fxe5 Nxg4 17. Bf4 Qg7 18. Nf3 Bd7 19. hxg6 Qxg6 20. Ng5 Re7 21. Qxg4 fxg4 22. Bxg6 hxg6 23. Ke2 Rg7 24. Rh6 Ne7 25. Rah1 Kf8 26. Rh8+ Ng8 27. Nh7+ Kf7 28. Bg5 Bb5+ 29. Ke3 Re8 30. Nf6 Nxf6 31. exf6 Rxh8 32. Rxh8 1-0

[Event "HUN-chT2 Barcza 1718"]
[Site "Hungary"]
[Date "2018.02.18"]
[Round "8.1"]
[White "Farkas, Adam"]
[Black "Barva, Attila"]
[Result "0-1"]
[WhiteElo "2165"]
[BlackElo "2380"]
[PlyCount "74"]
[EventDate "2017.09.24"]
[EventType "team-tourn"]
[EventRounds "11"]
[EventCountry "HUN"]
[SourceTitle "EXT 2021"]
[Source "ChessBase"]
[SourceDate "2020.10.23"]
[SourceVersion "1"]
[SourceVersionDate "2020.10.23"]
[SourceQuality "1"]
[WhiteTeam "Bajnok Sakkiskola"]
[BlackTeam "Edeleny"]
[WhiteTeamCountry "HUN"]
[BlackTeamCountry "HUN"]

1. d4 Nf6 2. Bg5 e6 3. Nd2 Be7 4. e3 b6 5. c3 Bb7 6. f4 d6 7. Ngf3 Nbd7 8. Bd3 e5 9. Bxf6 Bxf6 10. 0-0 Qe7 11. fxe5 dxe5 12. Ne4 0-0-0 13. Nxf6 Qxf6 14. Nxe5 Qg5 15. Qg4 Qxe3+ 16. Kh1 h5 17. Qf5 g6 18. Nc4 Qh6 19. Qf2 h4 20. h3 Rhe8 21. a4 Qg5 22. a5 b5 23. a6 Ba8 24. Ra5 Bc6 25. Na3 Re3 26. Nxb5 Rxh3+ 27. Kg1 Bxb5 28. Rxb5 f5 29. Bc4 Rg3 30. Qf4 Rxg2+ 31. Kh1 Rg1+ 32. Rxg1 Qxf4 33. Rxg6 Re8 34. Rg1 Qf3+ 35. Kh2 Nb6 36. Re5 Rxe5 37. Rg8+ Kd7 0-1

[Event "HUN-chT2 Barcza 1718"]
[Site "Hungary"]
[Date "2017.10.29"]
[Round "3.1"]
[White "Barva, Attila"]
[Black "Borsavolgyi, Tamas"]
[Result "1/2-1/2"]
[WhiteElo "2380"]
[BlackElo "2202"]
[PlyCount "65"]
[EventDate "2017.09.24"]
[EventType "team-tourn"]
[EventRounds "11"]
[EventCountry "HUN"]
[SourceTitle "EXT 2021"]
[Source "ChessBase"]
[SourceDate "2020.10.23"]
[SourceVersion "1"]
[SourceVersionDate "2020.10.23"]
[SourceQuality "1"]
[WhiteTeam "Edeleny"]
[BlackTeam "Hajduszoboszlo"]
[WhiteTeamCountry "HUN"]
[BlackTeamCountry "HUN"]

1. d4 d6 2. Bf4 Nd7 3. Nf3 c6 4. Nc3 Ngf6 5. e4 Qa5 6. Qd2 e5 7. Bg3 Be7 8. Bd3 Nh5 9. 0-0 Nxg3 10. hxg3 h6 11. d5 Nf6 12. a3 Ng4 13. b4 Qd8 14. dxc6 bxc6 15. b5 Bb7 16. bxc6 Bxc6 17. Nd5 Bg5 18. Qc3 Rc8 19. Ba6 Bb7 20. Bb5+ Kf8 21. Qd3 Bxd5 22. Qxd5 Rc5 23. Qd3 Qc7 24. c4 Ke7 25. Rab1 Rb8 26. Ba6 Rb6 27. Rxb6 Qxb6 28. Bb5 a6 29. Ba4 Ra5 30. Nxg5 hxg5 31. Bd1 Nf6 32. Bc2 Qc7 33. Rb1 1/2-1/2

[Event "HUN-chT2 Barcza 1617"]
[Site "Hungary"]
[Date "2017.03.12"]
[Round "10.2"]
[White "Barva, Attila"]
[Black "Hibjan, Tamas"]
[Result "1-0"]
[WhiteElo "2373"]
[BlackElo "2160"]
[PlyCount "53"]
[EventDate "2016.09.25"]
[EventType "team-tourn"]
[EventRounds "11"]
[EventCountry "HUN"]
[SourceTitle "EXT 2021"]
[Source "ChessBase"]
[SourceDate "2020.10.23"]
[SourceVersion "1"]
[SourceVersionDate "2020.10.23"]
[SourceQuality "1"]
[WhiteTeam "Edeleny"]
[BlackTeam "Nyiregyhaza SISE"]
[WhiteTeamCountry "HUN"]
[BlackTeamCountry "HUN"]

1. d4 Nf6 2. Bf4 g6 3. Nc3 d5 4. Qd2 Bg7 5. Bh6 0-0 6. h4 Re8 7. h5 Bh8 8. hxg6 fxg6 9. e4 Nxe4 10. Nxe4 dxe4 11. Bc4+ e6 12. 0-0-0 Nc6 13. Ne2 Qf6 14. Bg5 Qf7 15. Rh4 Qxf2 16. Rdh1 Qf7 17. Rxe4 Bf6 18. Reh4 Re7 19. Rxh7 Qxh7 20. Rxh7 Bxg5 21. Qxg5 Kxh7 22. Nf4 Rg7 23. Nxg6 Nxd4 24. Qh5+ Kg8 25. Qh8+ Kf7 26. Ne5+ Kf6 27. Qf8+ 1-0

[Event "HUN-chT2 Barcza 1617"]
[Site "Hungary"]
[Date "2017.01.29"]
[Round "7.2"]
[White "Barva, Attila"]
[Black "Baranyai, Szabolcs Jr"]
[Result "1-0"]
[WhiteElo "2373"]
[BlackElo "2247"]
[PlyCount "107"]
[EventDate "2016.09.25"]
[EventType "team-tourn"]
[EventRounds "11"]
[EventCountry "HUN"]
[SourceTitle "EXT 2021"]
[Source "ChessBase"]
[SourceDate "2020.10.23"]
[SourceVersion "1"]
[SourceVersionDate "2020.10.23"]
[SourceQuality "1"]
[WhiteTeam "Edeleny"]
[BlackTeam "Hajduszoboszlo"]
[WhiteTeamCountry "HUN"]
[BlackTeamCountry "HUN"]

1. d4 d5 2. Bf4 Nf6 3. e3 c5 4. c3 Nc6 5. Nd2 cxd4 6. exd4 Bf5 7. Qb3 Qc8 8. h3 e6 9. Ngf3 Be7 10. Nh4 Be4 11. Nxe4 Nxe4 12. Nf3 0-0 13. Bd3 f5 14. 0-0 Bf6 15. Rfe1 Qd7 16. Rad1 Rac8 17. Nd2 b6 18. Qa4 Bg5 19. Bxg5 Nxg5 20. Re2 Ne4 21. Nf3 Qd6 22. Bb5 a5 23. Rde1 g5 24. Bxc6 Rxc6 25. Ne5 Rc7 26. f3 Ng3 27. Rd2 f4 28. Nd3 Nf5 29. Re5 Rg7 30. Rde2 Ne3 31. g4 h6 32. Nf2 Re7 33. Re1 Rc8 34. Nd1 Nxd1 35. Qxd1 Kg7 36. h4 Kf6 37. Qe2 Rg8 38. Qh2 Qd8 39. hxg5+ hxg5 40. Qh6+ Rg6 41. Rxe6+ Rxe6 42. Rxe6+ Kxe6 43. Qxg6+ Kd7 44. Qf5+ Kc6 45. Qe6+ Kb7 46. a4 Ka7 47. Qf7+ Kb8 48. Kf1 Ka8 49. Ke2 Kb8 50. Kd3 Ka8 51. c4 dxc4+ 52. Kxc4 Kb8 53. Qd5 Qe7 54. Qe5+ 1-0

[Event "HUN-chT2 Barcza 1516"]
[Site "Hungary"]
[Date "2016.04.03"]
[Round "10.1"]
[White "Barva, Attila"]
[Black "Varga, Peter"]
[Result "1/2-1/2"]
[WhiteElo "2375"]
[BlackElo "2399"]
[PlyCount "32"]
[EventDate "2015.09.13"]
[EventType "team-tourn"]
[EventRounds "11"]
[EventCountry "HUN"]
[SourceTitle "EXT 2017"]
[Source "ChessBase"]
[SourceDate "2016.10.25"]
[SourceVersion "1"]
[SourceVersionDate "2016.10.25"]
[SourceQuality "1"]
[WhiteTeam "Edeleny"]
[BlackTeam "Kwizda Sakkiskola"]
[WhiteTeamCountry "HUN"]
[BlackTeamCountry "HUN"]

1. d4 d5 2. Bf4 Nf6 3. e3 c5 4. c3 Nc6 5. Nd2 e6 6. Ngf3 Bd6 7. Bg3 0-0 8. Bd3 Qe7 9. Ne5 Nd7 10. Nxd7 Bxd7 11. Bxd6 Qxd6 12. dxc5 Qe7 13. b4 f5 14. Nf3 Qf6 15. Rc1 e5 16. Bc4 dxc4 1/2-1/2

[Event "HUN-chT2 Barcza 1516"]
[Site "Hungary"]
[Date "2016.03.20"]
[Round "9.1"]
[White "Barabas, Tibor"]
[Black "Barva, Attila"]
[Result "1/2-1/2"]
[WhiteElo "2053"]
[BlackElo "2379"]
[PlyCount "39"]
[EventDate "2015.09.13"]
[EventType "team-tourn"]
[EventRounds "11"]
[EventCountry "HUN"]
[SourceTitle "EXT 2017"]
[Source "ChessBase"]
[SourceDate "2016.10.25"]
[SourceVersion "1"]
[SourceVersionDate "2016.10.25"]
[SourceQuality "1"]
[WhiteTeam "Mezokovesd"]
[BlackTeam "Edeleny"]
[WhiteTeamCountry "HUN"]
[BlackTeamCountry "HUN"]

1. e4 e6 2. d4 d5 3. exd5 exd5 4. Bd3 Bd6 5. Ne2 Qf6 6. Nd2 Nc6 7. c3 Nge7 8. Nf1 Ng6 9. Ne3 Nce7 10. Qc2 Be6 11. b4 a5 12. b5 c5 13. bxc6 bxc6 14. a4 Rb8 15. Ba3 Bc7 16. Rb1 0-0 17. 0-0 Qh4 18. g3 Qh3 19. Bxg6 Nxg6 20. Bxf8 1/2-1/2

[Event "HUN-chT2 Barcza 1415"]
[Site "Hungary"]
[Date "2015.03.22"]
[Round "?"]
[White "Barva, Attila"]
[Black "Kiss, Pal"]
[Result "1/2-1/2"]
[WhiteElo "2389"]
[BlackElo "2319"]
[PlyCount "22"]
[EventDate "2014.09.07"]
[EventType "team-tourn"]
[EventRounds "11"]
[EventCountry "HUN"]
[SourceTitle "EXT 2016"]
[Source "ChessBase"]
[SourceDate "2015.10.08"]
[SourceVersion "1"]
[SourceVersionDate "2015.10.08"]
[SourceQuality "1"]
[WhiteTeam "Edeleny"]
[BlackTeam "Sajobabony"]
[WhiteTeamCountry "HUN"]
[BlackTeamCountry "HUN"]

1. d4 d5 2. c4 c6 3. Nc3 Nf6 4. e3 a6 5. Nf3 b5 6. cxd5 cxd5 7. Bd3 e6 8. Ne5 Be7 9. 0-0 Bb7 10. Bd2 Nbd7 11. f4 0-0 1/2-1/2

[Event "HUN-chT2 Barcza 1314"]
[Site "Hungary"]
[Date "2013.10.20"]
[Round "3"]
[White "Papp, Abel"]
[Black "Barva, Attila"]
[Result "1/2-1/2"]
[WhiteElo "2187"]
[BlackElo "2398"]
[PlyCount "55"]
[EventDate "2013.09.08"]
[EventType "team-tourn"]
[EventRounds "11"]
[EventCountry "HUN"]
[SourceTitle "EXT 2016"]
[Source "ChessBase"]
[SourceDate "2015.10.08"]
[SourceVersion "1"]
[SourceVersionDate "2015.10.08"]
[SourceQuality "1"]
[WhiteTeam "Miskolc EMSE"]
[BlackTeam "Edeleny"]
[WhiteTeamCountry "HUN"]
[BlackTeamCountry "HUN"]

1. e4 e6 2. d4 d5 3. Nd2 Nf6 4. e5 Nfd7 5. Bd3 c5 6. c3 cxd4 7. cxd4 Nc6 8. Ne2 f6 9. exf6 Nxf6 10. Nf3 Bd6 11. 0-0 Qc7 12. Bg5 0-0 13. Rc1 Ng4 14. Ng3 Qb6 15. Bd2 e5 16. dxe5 Ncxe5 17. Be2 Nxf2 18. Rxf2 Ng4 19. Be1 Bf4 20. Rc3 Be3 21. Rxe3 Qxe3 22. Qd4 Qxd4 23. Nxd4 Nxf2 24. Bxf2 Bd7 25. Bf3 Rac8 26. Be3 Bc6 27. Kf2 Rf7 28. Nge2 1/2-1/2

[Event "HUN-chT2 Barcza 1112 "]
[Site "Hungary"]
[Date "2012.05.06"]
[Round "10"]
[White "Barva, Attila"]
[Black "Kiss, Sandor1111"]
[Result "1-0"]
[WhiteElo "2360"]
[BlackElo "2113"]
[PlyCount "49"]
[EventDate "2011.09.25"]
[EventType "team-tourn"]
[EventRounds "11"]
[EventCountry "HUN"]
[SourceTitle "EXT 2013"]
[Source "ChessBase"]
[SourceDate "2012.11.22"]
[SourceVersion "1"]
[SourceVersionDate "2012.11.22"]
[SourceQuality "1"]
[WhiteTeam "Edeleny"]
[BlackTeam "Tiszavasvar"]
[WhiteTeamCountry "HUN"]
[BlackTeamCountry "HUN"]

1. d4 Nf6 2. Bf4 d5 3. e3 c5 4. c3 cxd4 5. exd4 Qb6 6. Qb3 Qe6+ 7. Be2 Nc6 8. Nf3 h6 9. Na3 a6 10. 0-0-0 Qxe2 11. Rhe1 Qxf2 12. Rd2 Qxe1+ 13. Nxe1 b5 14. Nf3 e6 15. Nb1 Bd7 16. Ne5 Ne4 17. Re2 g5 18. Nxc6 Bxc6 19. Be5 Rg8 20. Nd2 Bd6 21. Rxe4 dxe4 22. Bxd6 0-0-0 23. Qa3 e3 24. Nb3 Bb7 25. Qc5+ 1-0

[Event "HUN-chT2 Barcza 1112 "]
[Site "Hungary"]
[Date "2012.03.11"]
[Round "7"]
[White "Barva, Attila"]
[Black "Forgacs, Jozsef"]
[Result "1-0"]
[WhiteElo "2360"]
[BlackElo "2238"]
[PlyCount "89"]
[EventDate "2011.09.25"]
[EventType "team-tourn"]
[EventRounds "11"]
[EventCountry "HUN"]
[SourceTitle "EXT 2013"]
[Source "ChessBase"]
[SourceDate "2012.11.22"]
[SourceVersion "1"]
[SourceVersionDate "2012.11.22"]
[SourceQuality "1"]
[WhiteTeam "Edeleny"]
[BlackTeam "Debrecen Betu"]
[WhiteTeamCountry "HUN"]
[BlackTeamCountry "HUN"]

1. d4 e6 2. e4 d5 3. exd5 exd5 4. Bd3 Bd6 5. Qf3 c6 6. c4 dxc4 7. Bxc4 Qf6 8. Nc3 Qxf3 9. Nxf3 Nf6 10. Bg5 Nbd7 11. 0-0 0-0 12. Rfe1 h6 13. Bh4 a6 14. Ne5 Nb6 15. Bb3 Bf5 16. Bxf6 gxf6 17. Nf3 Rfe8 18. Nh4 Bh7 19. Re3 c5 20. Rxe8+ Rxe8 21. dxc5 Bxc5 22. Rd1 Re7 23. Kf1 Rd7 24. Rxd7 Nxd7 25. Bd5 Bd3+ 26. Ke1 b5 27. Kd2 Bh7 28. Ke2 Bd4 29. f4 b4 30. Na4 Bc2 31. Nf3 Ba7 32. b3 f5 33. Bc4 Be4 34. Bxa6 Nc5 35. Nxc5 Bxc5 36. Bd3 Kg7 37. Bxe4 fxe4 38. Nh4 h5 39. h3 Kf6 40. g4 hxg4 41. hxg4 Ke6 42. Nf5 f6 43. Ng3 Kd5 44. g5 fxg5 45. fxg5 1-0

[Event "HUN-chT2 Barcza 1112 "]
[Site "Hungary"]
[Date "2012.01.29"]
[Round "5"]
[White "Deak, Sandor"]
[Black "Barva, Attila"]
[Result "1/2-1/2"]
[WhiteElo "2305"]
[BlackElo "2360"]
[PlyCount "20"]
[EventDate "2011.09.25"]
[EventType "team-tourn"]
[EventRounds "11"]
[EventCountry "HUN"]
[SourceTitle "EXT 2013"]
[Source "ChessBase"]
[SourceDate "2012.11.22"]
[SourceVersion "1"]
[SourceVersionDate "2012.11.22"]
[SourceQuality "1"]
[WhiteTeam "Nadudvar"]
[BlackTeam "Edeleny"]
[WhiteTeamCountry "HUN"]
[BlackTeamCountry "HUN"]

1. d4 Nf6 2. Nf3 d5 3. c3 c6 4. Bg5 Bf5 5. Bxf6 exf6 6. e3 Bd6 7. Bd3 Bg6 8. 0-0 0-0 9. Qc2 Nd7 10. Nbd2 Re8 1/2-1/2

[Event "HUN-chT2 Barcza 1112 "]
[Site "Hungary"]
[Date "2011.11.27"]
[Round "4"]
[White "Eberth, Zoltan"]
[Black "Barva, Attila"]
[Result "0-1"]
[WhiteElo "2249"]
[BlackElo "2360"]
[PlyCount "106"]
[EventDate "2011.09.25"]
[EventType "team-tourn"]
[EventRounds "11"]
[EventCountry "HUN"]
[SourceTitle "EXT 2013"]
[Source "ChessBase"]
[SourceDate "2012.11.22"]
[SourceVersion "1"]
[SourceVersionDate "2012.11.22"]
[SourceQuality "1"]
[WhiteTeam "Mezokovesd"]
[BlackTeam "Edeleny"]
[WhiteTeamCountry "HUN"]
[BlackTeamCountry "HUN"]

1. e4 e6 2. a3 d5 3. e5 a5 4. d4 c5 5. c3 Qb6 6. Nf3 a4 7. Be2 Bd7 8. 0-0 Nc6 9. h3 Na5 10. Nbd2 Nh6 11. g4 c4 12. Ne1 f6 13. f4 Nf7 14. Ndf3 Nb3 15. Rb1 Nxc1 16. Qxc1 g5 17. Nc2 0-0-0 18. Nb4 h5 19. Kg2 hxg4 20. hxg4 Bh6 21. f5 Bg7 22. Qc2 fxe5 23. f6 Bf8 24. dxe5 Qe3 25. Qd2 Qxd2 26. Nxd2 Nxe5 27. Rbe1 Bd6 28. Nc2 Rdf8 29. Nd4 Ng6 30. N2f3 Nf4+ 31. Kg1 e5 32. Nxg5 exd4 33. cxd4 Rxf6 34. Bd1 Rg8 35. Nh7 Rh6 36. Rxf4 Bxf4 37. Re7 Bd6 38. Rf7 Bxg4 39. Bxg4+ Rxg4+ 40. Kf2 Rf4+ 41. Rxf4 Bxf4 42. Nf8 Rf6 43. Nh7 Rf7 44. Kf3 Bc1+ 45. Kg4 Rxh7 46. Kf5 Re7 47. Kf6 Kd7 48. b4 axb3 49. a4 b2 50. a5 b1Q 51. a6 Re6+ 52. Kf7 Qg6+ 53. Kf8 Ba3# 0-1

[Event "HUN-chT 0809"]
[Site "Hungary"]
[Date "2009.04.05"]
[Round "10"]
[White "Barva, Attila"]
[Black "Emodi, Gyula"]
[Result "1-0"]
[WhiteElo "2376"]
[BlackElo "2339"]
[PlyCount "59"]
[EventDate "2008.10.26"]
[EventType "team-tourn"]
[EventRounds "11"]
[EventCountry "HUN"]
[SourceTitle "EXT 2010"]
[Source "ChessBase"]
[SourceDate "2010.11.25"]
[SourceVersion "1"]
[SourceVersionDate "2010.11.25"]
[SourceQuality "1"]
[WhiteTeam "Kazincbarcika"]
[BlackTeam "Penzugyor"]
[WhiteTeamCountry "HUN"]
[BlackTeamCountry "HUN"]

1. d4 Nf6 2. Nf3 b6 3. Bf4 Bb7 4. Nbd2 g6 5. c4 Bg7 6. Qc2 d6 7. e4 Nbd7 8. h3 e5 9. Be3 exd4 10. Bxd4 0-0 11. Bd3 Nc5 12. 0-0 Re8 13. Rfe1 Qd7 14. Re3 Ne6 15. Bc3 Qc6 16. Rae1 a5 17. Bxf6 Bxf6 18. e5 Nd4 19. Qb1 dxe5 20. Be4 Qd7 21. Bxb7 Rad8 22. Nxd4 Qxd4 23. Ne4 Bg7 24. Bd5 b5 25. Bc6 Re6 26. cxb5 Bh6 27. R3e2 f5 28. Nc3 Qc5 29. Rd1 Rd4 30. Bd5 1-0